| 000 | 00391nam a22001577a 4500 | ||
|---|---|---|---|
| 003 | LK-CoMWRAF | ||
| 005 | 20230922154207.0 | ||
| 008 | 230922b |||||||| |||| 00| 0 eng d | ||
| 040 |
_aLK-CoMWRAF _dLK-CoMWRAF _eLK-CoMWRAF |
||
| 041 | _aeng | ||
| 082 |
_a297.382 _bPRA |
||
| 245 | _aPrayers | ||
| 260 |
_aEgypt : _bConveying Islamic message society, |
||
| 650 | _aIslam-Prayers | ||
| 942 | _cBK | ||
| 999 |
_c3603 _d3603 |
||